zpět

Detail výsledku týmu

U Lucerny ČT, Brno

Datum a čas kvízu

31 Celkem bodů Celkový počet nahraných bodů na tomto kvízu bez doplňovacích otázek.
5. Pořadí na kvízu Konečné umístění týmu na tomto kvízu.

Zaznamenané odpovědi

# Otázka Odpověď Body Výsledky
1. Která česká politická strana p... ODS 1
2. Několika desítkám jedinců jist... o lachtanech 0
3. Jak se jmenuje devatenáctiletá... Olivia Rodrigo 0
4. Europoslanci vyslyšeli volání... množství vypuštěných emisí 1
5. Fotbalisté Slavie Praha po blá... Feyenoord Rotterdam 1
6. Jak se jmenuje tento bývalý br... Sasu Hovi, Finsko 1
7. Brankář hraje důležitou roli i... v Irsku 0
8. Napište jméno jednoho z nejlep... Martin Galia 1
9. Český reprezentační florbalový... Lukáš Bauer 1
10. Přiřaďte správně jména fotbalo... 1D 2A 3C 4B 1